[Event "4NCL Div 1 2018-19"]
[Site "Daventry"]
[Date "2019.01.13"]
[Round "4"]
[White "Gormally, Daniel W"]
[Black "Howell, David W L"]
[Result "1/2-1/2"]
[WhiteElo "2481"]
[BlackElo "2685"]
[Annotator "TA"]
[PlyCount "96"]
[EventDate "2019.01.12"]
[EventCountry "GBR"]
[SourceTitle "playchess.com"]
[Source "ChessBase"]
[SourceQuality "1"]

{[%evp 16,96,34,23,56,64,52,49,56,40,48,29,50,34,52,47,49,49,79,70,89,89,76,66,91,88,111,36,52,39,25,36,33,33,31,35,42,0,7,9,16,16,12,-41,-41,-42,-42,-42,-42,-47,-47,-47,-47,-47,-33,-37,0,-47,-39,-40,-26,-26,0,0,0,0,0,0,-4,-4,0,0,0,0,0,0,0,0,0,0,0,0,0]} 1. e4 c6 2. d4 d5 3. e5 Bf5 4. Nf3 e6 5. Be2 Ne7 6. O-O h6 7. c3 Nd7 8. Nbd2 {B12: Caro-Kann: Advance Variation} Qc7 (8... c5 9. dxc5 Nxc5 10. Nd4 Nd7 11. Nxf5 Nxf5 12. Bd3 Ne7 13. Nf3 Nc6 14. Re1 Qc7 15. Qe2 g5 {0-1 (50) Karjakin,S (2773)-Mamedyarov,S (2801) Saint Louis 2018}) 9. Re1 {LiveBook: 10 Games} c5 10. dxc5 $1 {White is slightly better.} Nxc5 11. Nd4 {Threatens to win with Nb5.} a6 12. Nxf5 $146 ({Predecessor:} 12. b4 Nd7 13. c4 Bg6 14. Bb2 Qd8 {½-½ (55) Sternik,R (1551)-Celan,M (1719) LSS email 2014}) 12... Nxf5 13. Nf3 Be7 14. Nd4 g6 15. Nxf5 gxf5 16. Be3 Nd7 17. Bd4 Bc5 18. Rc1 Rc8 19. Qd2 Qd8 20. b4 Be7 21. c4 (21. Qe3 $16) 21... dxc4 $14 22. Rxc4 Rxc4 23. Bxc4 Nb8 24. Qb2 Nc6 25. Bc3 O-O 26. Qb3 Kh7 27. Bf1 Qc7 28. a3 Rd8 29. Rd1 ({White should play} 29. Qb2 $11) 29... Nxe5 $15 30. Rxd8 Bxd8 31. Bxe5 Qxe5 32. Qf3 Qc7 33. g3 Kg7 34. Bg2 Qc1+ 35. Bf1 Qc7 36. Bg2 $1 b6 37. Qc6 Qe5 38. Qc8 Qe1+ 39. Bf1 {The position is equal.} Bf6 {Threatening ...Bd4.} 40. Qxa6 Bd4 41. Qe2 Qa1 42. Qf3 Qb2 43. g4 fxg4 44. Qxg4+ Kh7 45. Qf4 Kg8 46. Qb8+ Kh7 47. Qf4 Kg7 48. Qg3+ Kf6 {Accuracy: White = 80%, Black = 70%.} 1/2-1/2

[Event "4NCL Div 1 2018-19"]
[Site "Daventry"]
[Date "2019.01.13"]
[Round "4"]
[White "Libiszewski, Fabien"]
[Black "Lupulescu, Constantin"]
[Result "1/2-1/2"]
[WhiteElo "2481"]
[BlackElo "2608"]
[Annotator "TA"]
[PlyCount "28"]
[EventDate "2019.01.12"]
[EventCountry "GBR"]
[SourceTitle "playchess.com"]
[Source "ChessBase"]
[SourceQuality "1"]

{[%evp 19,28,36,43,29,41,33,37,40,56,30,35]} 1. e4 c5 2. Nf3 e6 3. d4 cxd4 4. Nxd4 Nc6 5. Nc3 a6 6. Nxc6 bxc6 7. Bd3 d5 8. O-O Qc7 9. Qe2 Nf6 10. Bg5 {B46: Sicilian: Taimanov: 5 Nc3 a6} Be7 {LiveBook: 20 Games} (10... Bb7 11. f4 h6 12. Bh4 Be7 13. Bg3 O-O 14. e5 Ne8 15. f5 exf5 16. Bxf5 Qb6+ 17. Kh1 g6 {1-0 (34) Wei,Y (2740)-Ivanchuk,V (2732) Hoogeveen 2017}) 11. Rae1 Bb7 12. e5 Nd7 13. Bxe7 Kxe7 14. Nb1 $146 ({Predecessor:} 14. Na4 c5 15. c4 d4 16. b3 a5 17. Qg4 Rag8 {½-½ (26) Gonzalez de la Torre,S (2464)-Gamundi Salamanca,A (2443) Jaen 2014}) 14... c5 1/2-1/2

[Event "4NCL Div 1 2018-19"]
[Site "Daventry"]
[Date "2019.01.13"]
[Round "4"]
[White "Alsina Leal, Daniel"]
[Black "Merry, Alan B"]
[Result "0-1"]
[WhiteElo "2470"]
[BlackElo "2434"]
[Annotator "TA"]
[PlyCount "60"]
[EventDate "2019.01.12"]
[EventCountry "GBR"]
[SourceTitle "playchess.com"]
[Source "ChessBase"]
[SourceQuality "1"]

{[%evp 18,60,0,-9,-1,-18,-19,-24,-15,-22,10,-43,-37,-56,-45,-76,-79,-140,-88,-196,-197,-181,-189,-182,-191,-197,-190,-194,-213,-339,-315,-406,-396,-370,-394,-444,-407,-515,-517,-689,-678,-757,-729,-881,-815]} 1. e4 e6 2. d4 d5 3. Nd2 c5 4. exd5 Qxd5 5. dxc5 Bxc5 6. Ngf3 Nf6 7. Bc4 Qc6 {C07: French Tarrasch: 3...c5, 4 Ngf3 and 4 exd5 Qxd5} 8. Qe2 a6 (8... O-O 9. O-O b6 10. Nb3 Bb7 11. Nxc5 Qxc5 12. b3 Nbd7 13. Bb2 Qh5 14. Ne5 Qxe2 15. Bxe2 Nxe5 16. Bxe5 {½-½ (68) Bruzon Batista,L (2653)-Lenderman,A (2626) Saint Louis 2018}) 9. a4 O-O 10. O-O {LiveBook: 12 Games} b6 {[%cal Bb7b6,Bb6b5][%mdl 32]} 11. Nb3 Bd6 12. Bg5 Nbd7 13. Rfd1 Re8 {[#]} 14. a5 $146 (14. Bb5 $11 Qc7 15. Bxd7 Nxd7 16. Qe4) ({Predecessor:} 14. Rd4 e5 15. Rh4 {0-1 (65) Sanal,V (2543)-Gadimbayli,A (2416) Batumi 2018}) 14... b5 $15 15. Bd3 Bb7 (15... h6 $5 {[%cal Rh6g5]} 16. Nbd4 Qb7 17. Bxf6 Nxf6 $15) 16. Nbd4 Qc7 17. Qd2 (17. c4 $142) 17... Rad8 (17... Rac8 $142 18. c3 h6) 18. Bxb5 (18. Be2 $17 Bxf3 19. Nxf3) 18... axb5 $19 19. Nxb5 {[#]} Bxh2+ $1 {[%mdl 512]} 20. Nxh2 Qc6 $1 {[%csl Gb7,LRb5,LRg2][%cal Rc6g2][%mdl 64] Double Attack} 21. Nf3 {Black must now prevent Bxf6.} Qxb5 22. Bxf6 gxf6 23. Ra3 (23. Qc3 {was necessary.}) 23... Ne5 24. Nd4 Qd5 {[%csl Gb7][%cal Rd5g2] [#]} 25. Rg3+ Ng6 26. Nb3 {and the idea Qxd5 leaves White hopeful.} Qe5 27. Nd4 Qe4 {Black is clearly winning.} 28. Qb4 Ba8 29. Rdd3 e5 30. f3 Rxd4 {Accuracy: White = 36%, Black = 57%.} 0-1

[Event "4NCL Div 1 2018-19"]
[Site "Daventry"]
[Date "2019.01.13"]
[Round "4"]
[White "Arkell, Keith C"]
[Black "Ledger, Dave J"]
[Result "1/2-1/2"]
[WhiteElo "2460"]
[BlackElo "2168"]
[Annotator "TA"]
[PlyCount "127"]
[EventDate "2019.01.12"]
[EventCountry "GBR"]
[SourceTitle "playchess.com"]
[Source "ChessBase"]
[SourceQuality "1"]

{[%evp 36,127,11,10,18,16,14,0,18,0,65,49,71,72,80,61,109,70,94,95,114,128,132,127,114,104,120,18,20,35,37,20,20,0,2,0,0,0,0,0,0,0,0,0,0,0,0,0,0,0,0,0,0,0,0,0,0,0,0,0,0,0,243,0,0,0,0,0,0,0,0,0,0,0,0,0,102,137,64,81,96,96,85,70,100,0,0,0,0,0,0,0,0,0]} 1. d4 Nf6 2. Nf3 e6 3. c4 c5 4. d5 exd5 5. cxd5 d6 6. Nc3 g6 7. g3 Bg7 8. Bg2 O-O 9. O-O Re8 10. Nd2 a6 11. a4 Nbd7 12. Nc4 Ne5 13. Nxe5 Rxe5 14. Bf4 Re8 15. Qc2 Rb8 {A64: Modern Benoni: Fianchetto Variation: 9...Nbd7 10 Nd2 a6 11 a4 Re8} (15... Ng4 16. h3 Ne5 17. Rab1 Qc7 18. Rfc1 Bd7 19. b4 b6 20. bxc5 {½-½ (20) Arkell,K (2502)-Petrov,M (2487) Cardiff 2015}) 16. Rab1 b5 17. axb5 axb5 18. b4 c4 19. Ra1 {[%cal Bb1a1,Ba1a5,Ba5a7][%mdl 32] LiveBook: 3 Games} Nh5 20. Bd2 f5 21. Ra5 Bd7 22. Rfa1 $146 {[#]} ({Predecessor:} 22. e3 Nf6 23. Rfa1 {1-0 (38) Robledo,N-Caramia,J Buenos Aires 1992}) 22... Bd4 (22... f4 $1 $11 {[%mdl 512]}) 23. e3 $14 Bg7 24. Ra7 Re7 25. R1a5 Be8 26. Qa2 Nf6 27. Ne2 Ne4 28. Bxe4 Rxe4 29. Bc3 Bxc3 30. Nxc3 Re7 31. Qd2 (31. Qa1 $16) 31... Rxa7 $11 32. Rxa7 Ra8 33. Rxa8 (33. Qa2 {is interesting.} Rxa7 34. Qxa7 h6 35. Qb7 Qd7 36. Qb8) 33... Qxa8 34. Kg2 Qa1 35. f3 Bd7 36. h3 Qa3 37. Ne2 Be8 38. Kf2 Bf7 39. e4 fxe4 40. fxe4 Qa1 41. Qc1 Qa4 42. Qc3 Qd1 43. Ke3 Qh1 44. h4 Qd1 45. Nd4 Qg1+ 46. Kf4 h6 47. Nf3 Qb1 48. g4 Kf8 $2 (48... Be8 $11 {and Black has nothing to worry.}) 49. g5 $2 (49. Qf6 $18) 49... hxg5+ 50. hxg5 Kg8 51. Ke3 Qd1 52. Kf4 Qb1 53. Nh2 Qg1 54. Ng4 Qf1+ 55. Qf3 Qb1 (55... Qc1+ $11 56. Qe3 Qb2) 56. Nh6+ $16 Kf8 57. Kg4 {[%csl Gh6][%cal Rf3f7]} Qg1+ 58. Kh3 {[%csl Gh6][%cal Rf3f7]} Qa7 59. Qf4 Ke8 {[#]} 60. Ng4 ({Don't play} 60. Qxd6 $6 Qe3+ 61. Kh2 Qd2+ 62. Kh3 Qd3+ 63. Kh2 Qd2+ 64. Kh3 Qd3+ 65. Kh2 Qe2+ 66. Kg3 Qe3+ 67. Kh2 Qf2+ 68. Kh3 Qf3+ 69. Kh2 Qf2+ 70. Kh3 Qf3+ 71. Kh2 Qf2+ $11) ({White should try} 60. Kg2 $1 $16 Qa2+ 61. Kg3) 60... Qa3+ $11 {The position is equal.} 61. Kg2 Qxb4 62. Nh6 Qb2+ 63. Kh3 Qa3+ 64. Kg2 {Accuracy: White = 59%, Black = 67%.} 1/2-1/2

[Event "4NCL Div 1 2018-19"]
[Site "Daventry"]
[Date "2019.01.13"]
[Round "4"]
[White "Ris, Robert"]
[Black "Cornette, Deimante"]
[Result "1/2-1/2"]
[WhiteElo "2451"]
[BlackElo "2448"]
[Annotator "TA"]
[PlyCount "30"]
[EventDate "2019.01.12"]
[EventCountry "GBR"]
[SourceTitle "playchess.com"]
[Source "ChessBase"]
[SourceQuality "1"]

{[%evp 23,25,10,0,0]} 1. e4 c5 2. Nf3 {[%cal Bg1f3,Bf3d4,Bd4b5,Bb5a3][%mdl 32]} Nc6 3. d4 cxd4 4. Nxd4 e5 5. Nb5 d6 6. N1c3 a6 7. Na3 Be7 8. Be3 {B32: Sicilian: Löwenthal and Kalashnikov Variations} Nf6 9. Nc4 b5 10. Nb6 Rb8 11. Nxc8 Qxc8 12. Be2 O-O {LiveBook: 29 Games} 13. O-O {[#]} {Predecessor:} Na5 $146 14. Bg5 Qb7 15. Bxf6 Bxf6 {½-½ (61) L'Ami,E (2636)-Ikonnikov,V (2536) Dieren 2018} 1/2-1/2

[Event "4NCL Div 1 2018-19"]
[Site "Daventry"]
[Date "2019.01.13"]
[Round "4"]
[White "Hebden, Mark L"]
[Black "McDonald, Neil"]
[Result "1/2-1/2"]
[WhiteElo "2435"]
[BlackElo "2411"]
[Annotator "TA"]
[PlyCount "56"]
[EventDate "2019.01.12"]
[EventCountry "GBR"]
[SourceTitle "playchess.com"]
[Source "ChessBase"]
[SourceQuality "1"]

{[%evp 22,56,46,10,23,10,18,12,14,14,10,17,14,18,27,0,10,-31,12,-20,-3,0,0,0,0,0,0,0,0,0,0,0,0,0,0,0,0]} 1. d4 d5 2. Nf3 Nf6 3. c4 e6 4. Bg5 Be7 5. Nc3 O-O 6. e3 a6 7. Rc1 Nbd7 8. cxd5 exd5 9. Bd3 c6 10. Qc2 Re8 11. O-O Nf8 12. Na4 {LiveBook: 4 Games} Ne4 {D65: Queen's Gambit Declined: Classical: 7 Rc1 c6 8 Qc2 a6 9 cxd5} 13. Bxe7 Qxe7 (13... Rxe7 14. Bxe4 Rxe4 15. Ne5 f6 16. Nd3 Re7 17. Qb3 Bf5 18. Ndc5 Rb8 19. Rfe1 Bg6 20. Nc3 {1-0 (39) Nikolac,J (2417)-Slogar,D (2322) Croatia 2011}) 14. Nb6 Rb8 15. Bxe4 dxe4 16. Nd2 $146 {[%cal Bf3d2,Bd2c4,Bc4e5][%mdl 32]} ({Predecessor:} 16. Ne5 Be6 17. a3 f6 18. Nec4 Qc7 19. b4 Rbd8 20. a4 {0-1 (40) Rakic,M (2276)-Manakova,M (2311) Subotica 2008}) 16... Bg4 17. Qc5 Qf6 18. Ndc4 Rbd8 19. Ne5 Qh4 20. Qb4 {With the idea Nbc4.The position is equal.} Bf3 {[#] aiming for ...Rxe5!} 21. Nbc4 $1 (21. gxf3 exf3 22. Nxf3 Qg4+ 23. Kh1 Qxf3+ 24. Kg1 Ng6 25. Rfe1 Nh4 26. Kf1 Re4 27. h3 Nf5 28. Kg1 Qxh3 29. f4 Nxe3 30. Re2 Qg3+ {[%mdl 64] Double Attack} 31. Kh1 Qf3+ {[%mdl 64] Double Attack} 32. Kg1 Qxe2 33. Rc2 Qxc2 34. Qd2 Qxd2 35. Kh1 Qg2#) 21... Qg5 {[%csl Gf3][%cal Rg5g2]} 22. g3 Qf5 23. Qxb7 Rd7 {( -> ...Qh3)} 24. Qxc6 {[%mdl 64] [#] Pin} Re6 25. Qa8 Rd8 $1 {[%cal Rd8a8]} 26. Qb7 (26. Qxd8 {is a self mate.} Qh3 27. Nxf3 exf3 28. Qxf8+ Kxf8 29. Kh1 Qg2#) 26... Rd7 $1 {[%cal Rd7b7]} 27. Qa8 (27. Nxd7 $2 {leads to mate.} Qh3 28. Nf6+ Kh8 29. Qxf7 Qg2#) 27... Rd8 $1 {[%cal Rd8a8]} 28. Qb7 (28. Qxd8 {gets mated.} Qh3 29. Qxf8+ Kxf8 30. Nd7+ Ke7 31. Nde5 Qg2#) 28... Rd7 $1 1/2-1/2

[Event "4NCL Div 1 2018-19"]
[Site "Daventry"]
[Date "2019.01.13"]
[Round "4"]
[White "Pert, Richard G"]
[Black "Ledger, Andrew J"]
[Result "1-0"]
[WhiteElo "2428"]
[BlackElo "2349"]
[Annotator "TA"]
[PlyCount "63"]
[EventDate "2019.01.12"]
[EventCountry "GBR"]
[SourceTitle "playchess.com"]
[Source "ChessBase"]
[SourceQuality "1"]

{[%evp 19,63,-23,12,-24,-14,0,1,0,92,72,72,72,97,89,97,104,115,76,94,56,61,64,64,50,48,51,68,19,95,84,63,93,251,269,495,508,814,772,860,822,814,759,729,700,751,701]} 1. d4 e6 2. Nf3 Nf6 3. Bg5 h6 4. Bxf6 Qxf6 5. e4 d6 6. Nc3 Nd7 7. Qd2 c6 8. O-O-O e5 9. Kb1 {A46: 1 d4 Nf6 2 Nf3 e6: Torre, London and Colle Systems} Be7 10. h4 (10. Ne2 Bd8 11. Ng3 Bc7 12. h4 O-O 13. Be2 Re8 14. Ng5 Qf4 15. Qd3 Nf6 16. dxe5 dxe5 {1-0 (31) Jobava,B (2663)-Hauchard,A (2535) Brest 2018}) 10... Nb6 {LiveBook: 3 Games} 11. Qe3 {The position is equal.} Bg4 12. Be2 O-O-O $146 ({Predecessor:} 12... O-O 13. Nh2 exd4 14. Rxd4 Bxe2 15. Nxe2 c5 {0-1 (64) Gottesman,J (2315)-Wendt,J (2291) Budapest 2003}) 13. d5 c5 (13... cxd5 $1 $11 14. Rxd5 (14. Nxd5 Nxd5 15. Rxd5 Kb8 $11) (14. exd5 Kb8 $11) 14... Kb8) 14. Nd2 Bd7 15. Bb5 Kb8 16. Bxd7 Rxd7 17. a4 {[%cal Ba2a4,Ba4a5,Ba5b6][%mdl 32]} Bd8 18. Rh3 h5 19. Qe2 Nc8 20. Nc4 g6 21. a5 a6 22. Na4 Qe7 23. Rb3 Na7 (23... Qe8 $1 $11 {remains equal.}) 24. Nab6 $36 {[%mdl 2048] Keeping Black busy.} Bxb6 25. axb6 Nb5 $2 (25... Nc8 $16) 26. Na5 $1 $18 Rc8 $2 {[#]} ({Weaker is} 26... Qxh4 27. Nc6+ $1 {[%mdl 512]} bxc6 28. dxc6 $16) (26... f5 {was necessary.}) 27. Rxb5 $1 {White is clearly winning.} axb5 (27... c4 $142 28. Rb4 Rc5 29. Nxc4 Qxh4) 28. Qxb5 c4 29. Nxc4 {Qa4 would kill now.} Rdd8 30. Qa4 {[%csl Gb6][%cal Ra4a7]} Rc5 31. Qa7+ Kc8 32. Na5 {Precision: White = 70%, Black = 43%.} 1-0

[Event "4NCL Div 1 2018-19"]
[Site "Daventry"]
[Date "2019.01.13"]
[Round "4"]
[White "Sarakauskas, Gediminas"]
[Black "Reimanis, Ritvars"]
[Result "1-0"]
[WhiteElo "2425"]
[BlackElo "2316"]
[Annotator "TA"]
[PlyCount "77"]
[EventDate "2019.01.12"]
[EventCountry "GBR"]
[SourceTitle "playchess.com"]
[Source "ChessBase"]
[SourceQuality "1"]

{[%evp 17,77,22,0,0,26,27,29,54,53,-12,0,-43,-36,-35,0,-37,-31,-40,-26,-30,-8,-37,-24,-46,-36,-21,21,0,399,134,252,258,230,168,165,181,309,209,213,195,654,286,290,214,217,208,404,400,491,299,387,351,351,351,351,351,351,351,564,560,864,751]} 1. Nf3 Nf6 2. c4 e6 3. g3 d5 4. Bg2 Be7 5. O-O O-O 6. d4 dxc4 7. Qc2 b6 {E05: Open Catalan: 5 Nf3 Be7} 8. Ne5 Qxd4 9. Bxa8 Qxe5 {LiveBook: 22 Games. The position is equal.} 10. Bg2 (10. Bf3 Nd5 11. Qxc4 Ba6 12. Qa4 c5 13. Na3 Qc7 14. Rd1 Qc8 15. Bd2 {½-½ (27) Cheparinov,I (2711)-Bacrot,E (2677) Zagreb 2018}) 10... Ba6 $146 ({Predecessor:} 10... Nd5 11. Qxc4 Ba6 12. Qe4 Bf6 13. Qxe5 Bxe5 14. Rd1 Nc6 15. Bxd5 exd5 16. Rxd5 Bxe2 {0-1 (58) Michalik,P (2570)-Hansen,S (2568) Germany 2016}) 11. Nc3 Nbd7 12. Bf4 Qc5 13. Na4 (13. Rfd1 $14) 13... Qa5 14. Rfd1 b5 15. Nc3 Nc5 (15... b4 {with more complications.} 16. Ne4 Nd5 17. a3 b3 18. Qd2 c3) 16. Ne4 (16. b4 {is more complex.} Qxb4 17. a4 Nb3 18. Ra2 Bc5 19. e3) 16... Ncxe4 17. Bxe4 b4 18. Bf3 Bb5 19. Qc1 Nd7 20. Be3 Nc5 21. Bd4 Ba6 22. Qe3 Bd6 $2 {[%mdl 8192] [#]} (22... Na4 $1 $11 {and Black has nothing to worry.}) 23. a3 $2 (23. Bxg7 $1 $18 {[%mdl 512] and the rest is easy. Qg5 is the strong threat.} Nd7 (23... Kxg7 24. Qg5+) 24. Bxf8 Kxf8 25. Qxa7) 23... Nb3 (23... h6 $16) 24. axb4 $18 Qb5 25. Ra2 Bc8 26. Rxa7 Qxb4 (26... Nxd4 {was worth a try.} 27. Qxd4 (27. Rxd4 Qxb4 28. Qd2 Qb6 $16) 27... e5) 27. Bc3 Qb5 28. Ra8 $40 {[%mdl 128] White wants a kill.} Nc5 $2 {[#]} (28... Qf5 29. Be4 Qh5) 29. Qg5 (29. Bxg7 $142 $1 {[%mdl 512]} Kxg7 30. Qg5+ Kh8 31. Qf6+ Kg8 32. Rd4) 29... e5 30. Qe3 Qb3 31. Rda1 Qc2 $2 (31... Nd7 32. Qd2 Nf6) 32. Bxe5 Nb3 33. Re1 Bc5 34. Be4 {Hoping for Qg5.} Bxe3 35. Bxc2 Bb6 36. Bxb3 cxb3 37. Rc1 Re8 $2 (37... Bf5 {might work better.}) 38. Bxc7 Bd4 {[#]} 39. Be5 $1 {[%mdl 512] Accuracy: White = 32%, Black = 27%.} 1-0

[Event "4NCL Div 1 2018-19"]
[Site "Daventry"]
[Date "2019.01.13"]
[Round "4"]
[White "Houska, Jovanka"]
[Black "Edouard, Romain"]
[Result "1/2-1/2"]
[WhiteElo "2423"]
[BlackElo "2643"]
[Annotator "TA"]
[PlyCount "150"]
[EventDate "2019.01.12"]
[EventCountry "GBR"]
[SourceTitle "playchess.com"]
[Source "ChessBase"]
[SourceQuality "1"]

{[%evp 13,150,9,21,15,50,51,47,16,35,15,41,13,16,4,25,-48,18,19,24,23,8,0,0,0,16,0,16,12,8,0,0,0,0,-6,0,-20,-33,-41,-23,-35,-31,-64,-64,-64,-64,-64,-64,-64,-64,-64,-64,-66,-66,-68,-72,-73,-68,-67,-68,-72,-48,-47,-47,-47,-47,-47,-47,-53,-40,-37,-37,-54,-34,-53,-33,-33,-33,-32,-26,-44,-33,-33,-33,-33,-33,-36,-36,-36,-36,-52,-54,-56,-54,-56,-45,-45,-45,-51,-51,-60,-33,-36,-28,-28,-28,-35,-28,-30,-12,-36,-36,-37,-36,-70,-73,-75,-75,-75,-75,-75,-75,-75,-75,-75,-75,-75,-75,-83,-75,-121,-121,-121,-116,-121,-122,-120,0,0,0]} 1. d4 Nf6 2. Nf3 g6 3. g3 Bg7 4. Bg2 O-O 5. O-O d6 6. b3 a5 7. Nc3 {A49: 1 d4 Nf6 2 Nf3 g6 3 g3: Anti-King's Indian systems} (7. Bb2 a4 8. c4 c6 9. e3 Bg4 10. h3 Bxf3 11. Bxf3 Nbd7 12. Nc3 a3 13. Bc1 e5 14. dxe5 Nxe5 15. Bg2 {1-0 (42) Giri,A (2782)-Aronian,L (2767) chess.com INT 2018}) 7... c6 {LiveBook: 3 Games} 8. e4 Bg4 $146 ({Predecessor:} 8... Qc7 9. Bb2 e5 10. dxe5 dxe5 11. Qe2 b5 12. Rad1 b4 13. Nb1 Ba6 14. Qe3 Bxf1 15. Rxf1 {0-1 (38) Diaz Garcia,C (1448)-Hidalgo Santana,F (2143) Tenerife 2016}) 9. h3 {White is slightly better.} Bxf3 10. Bxf3 Nfd7 11. Bb2 b5 12. Ne2 a4 13. Qc1 c5 14. bxa4 (14. dxc5 $11 dxc5 15. Bxg7 Kxg7 16. bxa4 Rxa4 17. Rd1) 14... bxa4 (14... Rxa4 $15 15. dxc5 Nxc5) 15. e5 $11 Ra6 16. exd6 Rxd6 {[%cal Rc5d4]} 17. d5 Ne5 18. Bg2 Nbd7 {[%cal Bb8d7,Bd7b6,Bb6d5,Bd5c7,Bc7e6][%mdl 32]} 19. Rb1 Nb6 20. Bxe5 Bxe5 21. Qe3 Bf6 22. Qxc5 Nxd5 23. c4 Nc7 24. Nf4 Rd2 25. Rb7 Ne6 $1 {[%cal Re6c5]} 26. Nxe6 fxe6 27. Qc6 Qd6 {And now ...Bd4 would win.} 28. c5 Qxc6 29. Bxc6 Bd4 30. Bxa4 Bxf2+ 31. Kh1 Bxc5 {[%cal Rf8f1] [#]} 32. Rxf8+ Kxf8 $15 {[%mdl 4096] Endgame KRB-KRB} 33. Bb3 e5 34. Rc7 Bd6 35. Rc3 Kg7 36. a4 Rb2 37. Bd5 Rb4 38. Bc6 Kf6 39. Kg2 e4 40. a5 Ke5 41. Rc2 Bb8 42. Rc5+ Kd6 43. Rb5 Ra4 44. Bxe4 Bc7 45. Rd5+ Ke6 46. Kf3 Bxa5 47. h4 Bc7 48. g4 Ra1 49. h5 Rf1+ 50. Ke3 Bb6+ 51. Kd3 Rd1+ 52. Kc4 Re1 53. Bc2 Rc1 54. Rd2 Kf6 55. hxg6 hxg6 56. Re2 Bc7 57. Kd5 Kg5 58. Ke6 Bd6 59. Rf2 Re1+ 60. Kf7 Bf4 61. Rg2 e5 {[%cal Be7e5,Be5e4,Be4e3][%mdl 32]} 62. Bxg6 e4 63. Bf5 e3 64. Bd3 Rd1 65. Bb5 Rd5 66. Bc4 Rd7+ 67. Ke6 Rd6+ 68. Ke7 Rc6 69. Bb5 Rb6 70. Bc4 Kh4 71. Be6 Kh3 72. Bd5 Bg3 73. Re2 Bf2 ({Don't play} 73... Kxg4 $6 74. Rxe3 Bd6+ 75. Kd7 $11) 74. Be6 Bh4+ (74... Kg3 $17) 75. g5+ $11 Kg3 {Accuracy: White = 60%, Black = 66%.} 1/2-1/2

[Event "4NCL Div 1 2018-19"]
[Site "Daventry"]
[Date "2019.01.13"]
[Round "4"]
[White "Harvey, Marcus R"]
[Black "Milliet, Sophie"]
[Result "1/2-1/2"]
[WhiteElo "2397"]
[BlackElo "2386"]
[Annotator "TA"]
[PlyCount "94"]
[EventDate "2019.01.12"]
[EventCountry "GBR"]
[SourceTitle "playchess.com"]
[Source "ChessBase"]
[SourceQuality "1"]

{[%evp 10,94,0,0,0,0,0,0,0,-8,0,-10,0,0,18,8,27,0,19,18,31,13,36,31,20,25,18,6,2,-33,-29,-40,-30,-38,-34,-44,-32,-35,-37,-39,-25,-50,-56,-47,0,-13,-13,-16,-19,-21,-9,-18,-7,-51,-52,-55,-17,-54,0,-42,-16,-39,-16,-38,-38,-39,0,-25,0,-50,-31,-41,-27,-27,-34,-35,-29,-19,-11,-41,-25,-60,-62,-94,-93,-86,-64]} 1. Nf3 c5 2. b3 d6 3. d4 cxd4 4. Nxd4 Nf6 (4... Qa5+ 5. Bd2 Qc7 6. c4 Nc6 7. Bc3 Nf6 8. Nb5 Qd8 9. Bxf6 gxf6 10. N1c3 a6 11. Nd4 Qa5 12. Rc1 {½-½ (47) Moiseenko,V (2495)-Kokarev,D (2608) St Petersburg 2018}) 5. Bb2 e5 6. Nf3 $1 {LiveBook: 5 Games. A04: Unusual lines after 1 Nf3 and King's Indian Attack} Be7 7. e3 Qa5+ $146 ({Predecessor:} 7... O-O 8. Be2 a5 9. c4 Na6 10. Nc3 {½-½ (35) Marra,E (2202)-Mandetta,J (2252) Sao Paulo 2015}) 8. Qd2 {The position is equal.} Qxd2+ 9. Nbxd2 O-O 10. c4 Bf5 11. Be2 Na6 12. O-O Nc5 13. Ba3 Rfc8 14. Rfd1 Bf8 15. Rac1 Bd3 16. Bxd3 Nxd3 17. Rc3 Nc5 18. Bxc5 Rxc5 19. b4 Rc7 20. Rb3 a6 21. a4 a5 22. bxa5 Rxa5 23. Ra1 Nd7 24. Rb5 b6 25. Rxa5 bxa5 26. Nb3 Nb6 27. Nfd2 Ra7 28. Kf1 f5 29. Ke2 Kf7 30. f3 g6 31. h4 h5 32. g3 Bh6 33. Ra3 Bf8 ({Black should play} 33... f4 $15) 34. Ra2 Bg7 35. Kd3 Bh6 36. Ra3 Ra8 37. Ra1 Ra7 38. Ke2 Ra8 39. Rc1 Nxa4 40. Ra1 $1 {[%cal Ra1a4]} Nb6 {White must now prevent ...a4.} 41. Rxa5 Rxa5 42. Nxa5 $11 {[%mdl 4096] Endgame KBN-KNN} Bf8 43. Nc6 Ke6 44. f4 e4 45. Nd4+ Kd7 46. N4b3 Be7 47. Kd1 Na4 {Accuracy: White = 35%, Black = 41%.} 1/2-1/2